| 000 | 02052cam a22003615a 4500 | ||
|---|---|---|---|
| 001 | 18194414 | ||
| 005 | 20161121114415.0 | ||
| 008 | 140620t20142014stk frb 001 0 eng d | ||
| 010 | _a 2013478777 | ||
| 016 | 7 |
_a016588950 _2Uk |
|
| 020 | _a9780748692378 (paperback) | ||
| 020 | _a0748692371 | ||
| 035 | _a(OCoLC)ocn856981113 | ||
| 040 |
_aBTCTA _beng _cBTCTA _dBDX _dYDXCP _dUKMGB _dKIJ _dOCLCO _dDEBBG _dMNU _dDLC _dEG-ScBUE |
||
| 042 | _alccopycat | ||
| 082 | 0 | 4 |
_222 _a303.3 _bNEO |
| 100 | 1 |
_aNeocleous, Mark, _d1964- _941684 |
|
| 245 | 1 | 0 |
_aWar power, police power / _cMark Neocleous. |
| 260 |
_aEdinburgh : _bEdinburgh University Press Ltd, _c2014. |
||
| 300 |
_aviii, 302 p. ; _c24 cm. |
||
| 500 | _aIndex : p. 297-302. | ||
| 504 | _aBibliography : p. 213-296. | ||
| 505 | 0 | _aWar as peace, peace as pacification -- War on waste, or, international law as primitive accumulation -- 'O effeminacy! effeminacy!': martial power, masculine power, liberal peace -- The police of civilisation: war as civilising offensive -- Air power as police power I -- Air power as police power II -- Under the sign of security: trauma, terror, resilience. | |
| 520 | _aWhy is liberalism so obsessed with waste? Is there a drone above you now? Are you living in a no-fly zone? What is the role of masculinity in the 'war on terror'? And why do so many liberals profess a love of peace while finding new ways to justify slaughter in the name of 'peace and security'? In this, the first book to deal with the concepts of war power and police power together, Mark Neocleous deals with these questions and many more by radically rethinking the relationship between war power and police power. | ||
| 590 | _aWessam | ||
| 650 | 7 |
_aPower (Social sciences). _2BUEsh _911065 |
|
| 650 | 7 |
_aWar and society. _2BUEsh _941683 |
|
| 650 | 7 |
_aPolice power. _2BUEsh _941682 |
|
| 651 | _2BUEsh | ||
| 653 |
_bBUSBOL _cNovember2016 |
||
| 856 | 4 | 1 |
_3Table of contents only _uhttp://www.loc.gov/catdir/enhancements/fy1410/2013478777-t.html |
| 942 |
_2ddc _e22 _k303.3 NEO |
||
| 999 |
_c23226 _d23198 |
||